| 000 | 00476nam a22001937a 4500 | ||
|---|---|---|---|
| 003 | OSt | ||
| 005 | 20260223123014.0 | ||
| 008 | 260223b |||||||| |||| 00| 0 eng d | ||
| 040 | _cSKBL | ||
| 041 | _aasm | ||
| 082 |
_a891.4108 _bDa 26 Sa |
||
| 100 |
_aDas, Manjumala. _eedt |
||
| 245 | 0 | _aShailadhar Rajkhowa Rachanavali / | |
| 250 | _a1st ed. / | ||
| 260 |
_aGuwahati : _bLawyers Book Stall, _c1992. |
||
| 300 | _a395p. : | ||
| 650 | _aAssmese linguistics | ||
| 942 | _cREF | ||
| 999 |
_c1036 _d1036 |
||